000 00551nam a2200181Ia 4500
003 GCL
005 20240530105110.0
008 140319s9999 xx 000 0 ara d
040 _aGCL /
_cGCL
082 0 4 _a811.9
_bا ص
100 1 _aايليا الحاوى
245 1 0 _aصلاح لبكى : شاعر الروح والبوح /
_cايليا الحاوى
260 _a[S.N] :
_bدار الكتاب اللبنانى ،
_c1981
300 _a168 ص
650 0 4 _aالشعر العربى
650 0 4 _aالشعر اللبنانى
942 _2ddc
_cBK
999 _c53147
_d53147